000 00306nam a2200133Ia 4500
005 20251222143217.0
008 251222s9999||||xx |||||||||||||| ||spa||
020 _a84-270-0417
082 _a860/F83H
100 _aFrers, Ernesto
245 0 _aHistoria de Karen
264 _bMartínez Roca
942 _cLIB
999 _c13670
_d13670